Statistics for Movie Titles by Synonyms #1

Click here to take the quiz!

General Stats

  • This quiz has been taken 54,512 times
  • The average score is 15 of 20

Answer Stats

Synonyms Movie Title % Correct
Serpents on an AircraftSnakes on a Plane
95%
Arachnid-MaleSpider-Man
92%
Murder WilliamKill Bill
91%
Vanished with the BreezeGone with the Wind
89%
Unclean HaroldDirty Harry
85%
Cop SchoolPolice Academy
85%
Uppermost PistolTop Gun
85%
Sunrise of the DeceasedDawn of the Dead
84%
My Huge Obese Hellenist NuptialsMy Big Fat Greek Wedding
80%
The Deity DadThe Godfather
78%
No Nation for Geriatric MalesNo Country for Old Men
76%
The Monarch's EnunciationThe King's Speech
74%
StonyRocky
74%
Knife JoggerBlade Runner
74%
Croonin' in the PrecipitationSingin' in the Rain
72%
MandiblesJaws
59%
Charles's SeraphimCharlie's Angels
59%
Yuletide HolidayChristmas Vacation
44%
Faunus's MazePan's Labyrinth
40%
Temporality PoliceTimecop
31%

Score Distribution

Percentile by Number Answered

Percent of People with Each Score

Your Score History

You have not taken this quiz